Regional development and structural policy in Mexico

Gespeichert in:
Bibliographische Detailangaben
Format: Buch
Sprache:Englisch
Veröffentlicht: Paris OECD 1997
Schriftenreihe:Territorial development
Schlagworte:
Tags: Tag hinzufügen
Keine Tags, Fügen Sie das erste Tag hinzu!

MARC

LEADER 00000nam a2200000 4500
001 c119317
005 20221124074916.5
020 |a 92-64-15687-9 
041 0 |a eng 
044 |a FR 
245 1 0 |a Regional development and structural policy in Mexico 
264 1 |a Paris  |b OECD  |c 1997 
300 |a 127 s. 
490 1 |a Territorial development 
830 0 |a Territorial development 
610 2 0 |a rozvoj regionálny 
610 2 0 |a rozvoj územný 
610 2 0 |a stavebníctvo 
610 2 0 |a Mexiko